MARC

LEADER 00000nam0a2200000 4500
001 236494
005 20231101231457.0
010 |a 502010454Х 
035 |a (RuTPU)RU\TPU\book\257659 
090 |a 236494 
100 |a 20130424d1990 m y0rusy50 ca 
101 0 |a rus 
102 |a RU 
105 |a y z 000zy 
200 1 |a Бельгия: борьба трудящихся за демократические реформы /1950-1970-е годы/  |f Е. И. Павличук  |g Академия наук СССР (АН СССР), Институт международного рабочего движения (ИМРД) ; под ред. Р. Я. Евзерова 
210 |a Москва  |c Наука  |d 1990 
215 |a 164 с. 
606 1 |a Рабочий класс при капитализме  |2 stltpush  |3 (RuTPU)RU\TPU\subj\22269  |9 47075 
610 1 |a политика 
610 1 |a внутренняя политика 
610 1 |a демократия 
610 1 |a реформы 
610 1 |a труд 
610 1 |a 20 век 
610 1 |a Бельгия 
686 |a Ф3(4)11  |v LBC/SL-A  |2 rubbk 
700 1 |a Павличук  |b Е. И.  |g Елена Ионикеевна 
702 1 |a Евзеров  |b Р. Я.  |4 340 
712 0 2 |a Академия наук СССР (АН СССР)  |b Институт международного рабочего движения (ИМРД)  |c (Москва)  |c (1966-1991)  |2 stltpush  |3 (RuTPU)RU\TPU\col\7681 
801 1 |a RU  |b 63413507  |c 20130424 
801 2 |a RU  |b 63413507  |c 20130524  |g RCR 
942 |c BK